banner-ar

تاريخ مدينة دمشق وذكر فضلها وتسمية من حلها من الاماثل او اجتاز بنواحيها من وارديها واهلها / (Record no. 44335)

MARC details
000 -الفاتح
حقل البيانات ثابتة الطول 00926nam a2200217Ia 4500
008 - عناصر البيانات ثابتة الطول - معلومات عامة
حقل البيانات ثابتة الطول 140319s9999 xx 000 0 ara d
040 ## - مصدر الفهرسة
وكالة الفهرسة الأصلية GCL /
وكالة النسخ GCL
082 04 - رقم تصنيف ديوى العشرى
رقم التصنيف 956.531
رقم المادة ع ت
100 1# - المدخل الرئيسى - إسم شخصى
الإسم الشخصى ابن عساكر: ابومحمد القاسم على بن الحسن بن هبة الله بن الحسين
245 10 - بيان العنوان
العنوان تاريخ مدينة دمشق وذكر فضلها وتسمية من حلها من الاماثل او اجتاز بنواحيها من وارديها واهلها /
بيان المسئوليه,etc ابن عساكر: ابومحمد القاسم على بن الحسن بن هبة الله بن الحسين
700 1# - المدخل الاضافى - اسم شخصى
الإسم الشخصى عبدالواحد بن سعيد
700 1# - المدخل الاضافى - اسم شخصى
الإسم الشخصى عبيدة بن اشعب
700 1# - المدخل الاضافى - اسم شخصى
الإسم الشخصى سكينة الشهابى
300 ## - الوصف المادى
التعداد مج 37
490 ## - بيان السلسلة
عنوان السلسلة
650 04 - المدخل الاضافى بالموضوع-مصطلح موضوعى
مصطلح موضوعي التاريخ الاسلامى
650 04 - المدخل الاضافى بالموضوع-مصطلح موضوعى
مصطلح موضوعي المدن العربية
650 04 - المدخل الاضافى بالموضوع-مصطلح موضوعى
مصطلح موضوعي دمشق - تاريخ
942 ## - عناصر المدخل الإضافي( كوها)
مصدر التصنيف او مخطط الترفيف Dewey Decimal Classification
Koha [default] item type كتاب
Holdings
حالة التراجع حالة الفقد حالة تلف ليس للاعارة المكان المؤقت الموقع الحالى تاريخ الاكتساب اجمالي اﻻعارات رقم الطلب الباركود تاريخ اخر مشاهدة تاريخ تفعيل السعر نوع وعاء كوها
        مكتبة القاهرة الكبرى مكتبة القاهرة الكبرى 03/26/2014   956.531\ع ت 108075 03/26/2014 03/26/2014 كتاب
        مكتبة القاهرة الكبرى مكتبة القاهرة الكبرى 03/26/2014   956.531\ع ت 108076 03/26/2014 03/26/2014 كتاب
        مكتبة القاهرة الكبرى مكتبة القاهرة الكبرى 03/26/2014   956.531\ع ت 108077 03/26/2014 03/26/2014 كتاب
        مكتبة القاهرة الكبرى مكتبة القاهرة الكبرى 03/26/2014   956.531\ع ت 108078 03/26/2014 03/26/2014 كتاب
        مكتبة القاهرة الكبرى مكتبة القاهرة الكبرى 03/26/2014   956.531\ع ت 108079 03/26/2014 03/26/2014 كتاب
        مكتبة القاهرة الكبرى مكتبة القاهرة الكبرى 03/26/2014   956.531\ع ت 108080 03/26/2014 03/26/2014 كتاب
        مكتبة القاهرة الكبرى مكتبة القاهرة الكبرى 03/26/2014   956.531\ع ت 108081 03/26/2014 03/26/2014 كتاب
        مكتبة القاهرة الكبرى مكتبة القاهرة الكبرى 03/26/2014   956.531\ع ت 108082 03/26/2014 03/26/2014 كتاب
        مكتبة القاهرة الكبرى مكتبة القاهرة الكبرى 03/26/2014   956.531\ع ت 108083 03/26/2014 03/26/2014 كتاب
        مكتبة القاهرة الكبرى مكتبة القاهرة الكبرى 03/26/2014   956.531\ع ت 108084 03/26/2014 03/26/2014 كتاب
        مكتبة القاهرة الكبرى مكتبة القاهرة الكبرى 03/26/2014   956.531\ع ت 108085 03/26/2014 03/26/2014 كتاب
        مكتبة القاهرة الكبرى مكتبة القاهرة الكبرى 03/26/2014   956.531\ع ت 108086 03/26/2014 03/26/2014 كتاب

Powered By

EGPV